000 00739nam a2200217 4500
003 CO-ViMGA
020 _a9789581414734
040 _aCO-ViMGA
_bspa
_cCO-ViMGA
090 _aC NIÑ3
100 1 _aNiñoCactus,
_d1979-
_97849
245 1 0 _aComino /
_cNiñoCactus ; ilustraciones Jacobo Muñiz
260 _aBogotá :
_bPlaza & Janés
300 _a[24] p. :
_bil. , color ; 25 cm.
490 _aPlan Nacional de Lectura y Escritura Leer es mi Cuento / Ministerio de Cultura
500 _aDe 2 A 4 Años
650 1 4 _a Universo En La Literatura
_y Siglo Xx
_97852
650 1 4 _aCuentos Infantiles Españoles
_y Siglo Xx
_97850
650 1 4 _aLiteratura Infantil Española
_97851
700 1 _aMuñiz, Jacobo,
_eil.
_97853
942 _2ddc
_cBK
999 _c7679
_d7679